Heros DC - Statistiques

Statistiques générales
  • Ce quiz a été pris 29 fois
  • Le résultat moyen est 4 sur 15
Statistiques - réponses
Hint Réponse % Correct
le roi des mers Aquaman
100%
Peut se transformer en animaux Beast Boy
41%
Possède un scarabée extra-terrestre Blue Beetle
41%
Playboy à Star City Green Arrow
41%
L'autre identité d'oracle Batgirl
37%
Possède un cri supersonique Black Canary
30%
Est un membre d'un corps Green Lantern
26%
Protégé du Sorcier du Rocher de l'éternité Shazam
22%
Ancien Voleur devenu Superhéros Plastic Man
15%
Est la réincarnation d'un égyptien Hawkman
11%
La femme de Mister Miracle Big Barda
7%
Héroïne, fille de la pègre Huntress
7%
Possède des pouvoirs cosmiques grâce à un baton Stargirl
7%
Peut faire appelle aux aptitudes des animaux Vixen
7%
Héroïne d’origine brésilienne Fire
4%
Aucun quiz correspondant
Distribution des résultats
% des personnes avec chaque résultat
Percentile par nombre de réponses
Votre historique - résultats
Vous n’avez pas pris ce quiz